| 000 | 00796nas a2200277 4500 | ||
|---|---|---|---|
| 001 | BR9209597 | ||
| 003 | BR-BrBNA | ||
| 005 | 20231205093311.0 | ||
| 007 | ta | ||
| 008 | 230509b bl.|||p| |||| 00| 00por d | ||
| 040 |
_aBR-BrBNA _bpor _cBiblioteca Nacional de Agricultura |
||
| 041 | _a(Pt) | ||
| 072 | _aF01 | ||
| 100 | 1 | _aPissaia, A. | |
| 100 | 1 | _aCosta, J.A. | |
| 100 | 1 | _aColasante, L.O. | |
| 245 | 1 | _aIndice de colheita de duas cultivares de soja submetidas a desfolhamento | |
| 650 | _aSOJA | ||
| 650 | _aDESFOLHA | ||
| 650 | _aRENDIMENTO | ||
| 650 | _aGRAO | ||
| 650 | _aMATERIA SECA | ||
| 773 | 0 |
_tRevista do Setor de Ciencias Agrarias (Brazil) _xISSN 0100-607X _g(1988), v. 10(1-2) p. 77-89 _wBR9209597 |
|
| 909 |
_a202311 _bLúcia _c55 _dLúcia Elande |
||
| 942 |
_2AGRIS _n0 _cANA |
||
| 999 |
_c137389 _d137389 |
||